000
00251nam a22001097a 4500
082
_a
515.07 GAS'M
100
_a
GASSON, J.D.N
_9
39039
245
_a
MATHEMATICS FOR TECHNICAL STUDENTS
260
_a
USA
_b
CAMBRIDGE
_c
1951
300
_a
431P
942
_c
BK
999
_c
579123
_d
579123